000 00248nam a2200121Ia 4500
100 _a#N/A
650 _aComputer/ IT
942 _cBK
654 _avisual basic.NET
245 _aVisual Basic. NET Programming
260 _b#N/A
546 _aENGLISH
999 _c22620
_d22620